000 00904nam a2200241 a 4500
001 BRCA_988
005 20190320203232.0
008 940404s1993 mx-a---##b---#000-0#spa-d
020 _a9686084940
040 _aDLC
_cDLC
050 4 _aGT2853
_b.F47 1993
100 1 _aFernández, Miguel Ángel
_93260
245 1 0 _aMesa mexicana
_ctextos Miguel Angel Fernández, Víctor Ruiz Naufal ; producción Jorge Lóyzaga ; fotografías José Ignacio González Manterola ; diseño Franco María Ricci.
260 _a[México]
_bFundación Cultural Bancomer : Grupo Azabache
_c[1993]
300 _a277 p.
_bil. a color
_c31 cm.
504 _aBibliografía: p. 273-275
650 1 4 _aComidas y banquetes
_zMéxico
_93261
700 1 _aRuiz Naufal, Víctor M
_93262
700 1 _aLóyzaga, Jorge
_93263
700 1 _aGonzález Manterola, José Ignacio
_92339
700 1 _aRicci, Franco María
_93264
942 _2lcc
_cB
999 _c872
_d872